000 00796nam a22002057a 4500
999 _c4103
_d4103
003 AR-CdUCM
008 190307b ||||| |||| 00| 0 spa d
040 _aMUNICIPALIDAD PROVINCIAL DEL CUSCO
_cBIBLIOTECA MUNICIPAL DEL CUSCO
082 _a294.54 /
_bG73
100 _aGopi Krishna
_913007
245 _aHacia la superconciencia /
260 _aEcuador :
_bCromograf,
_c1975.
300 _a179 páginas ;
_c21 cm.
505 _aContenido: Los aspectos físicos de la conciencia superior -- La naturaleza de la experiencia mística -- Religión y evolución -- La yoga y la conciencia superior -- El problema de los milagros y lo paranormal ...
650 _aYoga
_913008
650 _aEspiritualidad
_93669
650 _aEjercicios espirituales.
_913009
942 _2ddc
_cLIBROS
945 _aafb